000
00195nam a2200085 4500
001
1254706
005
20251121090147.0
245
_a
KARDEŞİMİN KORUYUCUSU
_c
JULİE LEE
260
_b
TİMAŞ YAYINLARI
999
_c
1254706
_d
1254706